E233系が表示できる行先 - Statistics

General Stats
  • This quiz has been taken 69 times
  • The average score is 177 of 206
Answer Stats
Answer % Correct
東京
100%
新宿
100%
中野
100%
三鷹
100%
立川
100%
豊田
100%
八王子
100%
高尾
100%
上野
100%
御茶ノ水
98%
武蔵小金井
98%
国分寺
98%
国立
98%
大月
98%
大宮
98%
川崎
98%
千葉
98%
赤羽
98%
品川
98%
大船
98%
小田原
98%
新木場
98%
蘇我
98%
西国分寺
96%
松本
96%
青梅
96%
南浦和
96%
東神奈川
96%
桜木町
96%
取手
96%
我孫子
96%
前橋
96%
新前橋
96%
高崎
96%
籠原
96%
熊谷
96%
大崎
96%
横浜
96%
国府津
96%
熱海
96%
海浜幕張
96%
相模湖
95%
甲府
95%
小淵沢
95%
上諏訪
95%
下諏訪
95%
拝島
95%
奥多摩
95%
川越
95%
蒲田
95%
95%
町田
95%
池袋
95%
平塚
95%
沼津
95%
上総一ノ宮
95%
君津
95%
東小金井
93%
日野
93%
田町
93%
松戸
93%
綾瀬
93%
北千住
93%
本庄
93%
茅ヶ崎
93%
黒磯
93%
宇都宮
93%
小金井
93%
木更津
93%
橋本
93%
武蔵溝ノ口
93%
塩山
91%
茅野
91%
武蔵五日市
91%
西船橋
91%
東十条
91%
田端
91%
鶴見
91%
磯子
91%
代々木上原
91%
登戸
91%
海老名
91%
藤沢
91%
竜王
89%
岡谷
89%
塩尻
89%
古河
89%
南船橋
89%
武蔵浦和
89%
高麗川
88%
府中本町
88%
深谷
88%
鴻巣
88%
武蔵中原
88%
水道橋
86%
韮崎
86%
伊勢原
86%
大網
86%
勝浦
86%
湘南台
86%
羽沢横浜国大
86%
霞ヶ関
84%
新百合ヶ丘
84%
本厚木
84%
伊東
84%
新習志野
84%
西谷
84%
二俣川
84%
大和
84%
四方津
82%
富士見
82%
河辺
82%
大手町
82%
茂原
82%
東京テレポート
82%
南古谷
80%
成城学園前
80%
向ヶ丘遊園
80%
相模大野
80%
千葉みなと
80%
誉田
80%
成東
80%
小机
80%
板橋
80%
指扇
80%
御嶽
79%
箱根ヶ崎
79%
明治神宮前
79%
北綾瀬
79%
唐木田
79%
代々木公園
77%
大原
77%
東金
77%
武蔵小杉
77%
稲城長沼
77%
新横浜
75%
湯島
73%
姉ヶ崎
73%
河口湖
71%
経堂
71%
新松田
71%
岡部
71%
中山
71%
東飯能
70%
富士山
70%
秦野
70%
逗子
70%
表参道
68%
氏家
68%
上総湊
68%
横須賀
66%
かしわ台
66%
矢板
64%
いずみ野
64%
青柳
63%
東所沢
63%
相模大塚
63%
津田沼
61%
瀬谷
59%
鎌倉
57%
星川
54%
明科
50%
小宮
50%
相武台前
50%
幕張
46%
桐生
39%
伊勢崎
39%
山北
38%
東桂
32%
横川
32%
谷村町
30%
根津
27%
No matching quizzes found
Score Distribution
Percent of People with Each Score
Percentile by Number Answered
Your Score History
You have not taken this quiz